The NHL Teams of Dwayne Roloson - Statistics

General Stats
  • This quiz has been taken 8 times
  • The average score is 5 of 6
Answer Stats
Years Answer % Correct
2006-2009 Edmonton Oilers
100%
2001-2006 Minnesota Wild
100%
1996-1998 Calgary Flames
88%
2009-2011 New York Islanders
88%
2011-2012 Tampa Bay Lightning
75%
1998-2000 Buffalo Sabres
63%
No matching quizzes found
Score Distribution
Percent of People with Each Score
Percentile by Number Answered
Your Score History
You have not taken this quiz